logo

Bir Sreshtho Munshi Abdur Rouf Library
Jhenaidah Cadet College

বিজ্ঞানীদের ছোটোবেলা / (Record no. 13335)

MARC details
000 -LEADER
fixed length control field 00734nam a2200217 a 4500
001 - CONTROL NUMBER
JCCL Control Number 13335
003 - CONTROL NUMBER IDENTIFIER
JCCL marc code BD-JhCC
005 - DATE AND TIME OF LATEST TRANSACTION
control field 20230830124639.0
008 - FIXED-LENGTH DATA ELEMENTS--GENERAL INFORMATION
fixed length control field 230830s2020 b& a|||| |||| 000 0 ben d
020 ## - INTERNATIONAL STANDARD BOOK NUMBER
International Standard Book Number 9847034211310
035 ## - SYSTEM CONTROL NUMBER
system control number (BD-JhCC)13335
040 ## - CATALOGING SOURCE
Original cataloging agency BD-JhCC
Modifying agency BD-JhCC
041 ## - LANGUAGE CODE
Language code of Book ben
082 ## - DEWEY DECIMAL CLASSIFICATION NUMBER
Classification number 925
Author mark and Year AHM 2020
100 ## - MAIN ENTRY--PERSONAL NAME
Personal name আহমেদ, সৈকত
245 ## - TITLE STATEMENT
Title বিজ্ঞানীদের ছোটোবেলা /
Statement of responsibility, etc সৈকত আহমেদ
260 ## - PUBLICATION, DISTRIBUTION, ETC. (IMPRINT)
Place of publication, distribution, etc ঢাকা :
Name of publisher, distributor, etc অবধূত বইঘর,
Date of publication, distribution, etc ২০২০।
300 ## - PHYSICAL DESCRIPTION
Pagination বিভিন্ন পৃ. :
Other physical details চিত্রাবলী সংযোজিত,
Dimensions ২১ সেমি.
650 ## - SUBJECT ADDED ENTRY--TOPICAL TERM
Topical term or geographic name as entry element Scientist
Form subdivision Biography
942 ## - ADDED ENTRY ELEMENTS (KOHA)
Source of classification or shelving scheme Dewey Decimal Classification
Koha item type Books
Holdings
Source of classification or shelving scheme Damaged status Not for loan Home library Current library Shelving location Date of accession Cost, normal purchase price Total Checkouts Full call number Barcode Date last seen Date checked out Copy number Method of acquisition Koha item type Currency
Dewey Decimal Classification     JCC Rouf Library JCC Rouf Library General Stacks 06/23/2023 225.00 3 925 AHM 2020 18359 05/17/2025 04/24/2025 C-1 Purchase Books BDT

JCC Library | Contacts | JCC Home

Last Update on 23 September 2017
Copyright @ 2017-2020 JCC Rouf Library
Rouf Library, Jhenidah Cadet College (JCC), Bangladesh